000 02220cam a22005174i 4500
003 PE-LiUPU
005 20250731173218.0
008 150625s1990 sp a r 000 0 spa d
020 _a8476453973
035 _a(Sirsi) a33302
040 _aPE-LiUPU
_bspa
_cPE-LiUPU
_erda
049 _aPRUA
082 0 4 _a222.1
_bC45
_221
082 0 4 _a222.1
_bC41 T1 1990
100 1 _aCerni, Ricardo,
_eautor.
245 1 0 _aAntiguo Testamento interlineal hebreo-español.
_nIV,
_pLibros proféticos /
_ctraducción literal al castellano del texto hebreo del Códice de Leningrado por Ricardo Cerni.
264 1 _aBarcelona, España :
_bEditorial CLIE,
_c1990.
300 _a873 páginas :
_bilustraciones ;
_c23 centímetros
336 _atext
_2rdacontent
337 _aunmediated
_2rdamedia
338 _avolume
_2rdacarrier
505 0 _gVolumen 1.
_aGénesis -- Exodo -- Levíticos -- Números -- Deuteronomio.
526 _aSEG42
526 _aSEG41
526 _aSEG40
526 _aSEG39
526 _aP94
526 _aP87
526 _aP86
526 _aP85
526 _aP77
526 _aP76
526 _aP35
630 0 4 _aBiblia.
_pA.T.
_lHebreo
_sBiblia Hebraica Stuttgartensia.Biblia.
630 0 4 _aBiblia.
_pA.T.
_lHebreo
_sCódice de Leningrado.
910 _btqv
_cwelc
_d20171227
942 _2ddc
_cBOOK
949 _a222.1 C45 1
_wDEWEY
_c1
_i31686
_lCCODEBUL1
_mBUL
_p00.00
_r0
_sY
_tBOOK
_u2015-06-25
_xBIBLIOTECA
_zUNKNOWN
_0COMPRA
_o.STAFF. Colección General
949 _a222.1 C41 T1 1990
_wDEWEY
_c1
_iFJ09807
_lCCODEBUJ1
_mBUJ
_p26.80
_r0
_sY
_tBOOK
_u2017-12-27
_xBIBLIOTECA
_zUNKNOWN
_0COMPRA
_o.STAFF. Colección General Juliaca
994 _aC0
_bPEPRU
596 _a1 3
999 _a222.1 C45 1
_wDEWEY
_c41036
_i31686
_d41036
_e2022-7-6
_f2021-11-9
_g5
_lCCODEBUL1
_mBUL
_n22
_p30.00
_q17
_r0
_sY
_tBOOK
_u2015-6-25
_xTEOLOGIA
_PP35
_0COMPRA
_o.STAFF. Colección Teología
999 _a222.1 C41 T1 1990
_wDEWEY
_c1
_iFJ09807
_d2019-11-7
_e2018-5-22
_f2022-2-3
_g4
_lCCODEBUJ1
_mBUJ
_n2
_p26.80
_q4
_r1
_sY
_tBOOK
_u2017-12-27
_xBIBLIOTECA
_zUNKNOWN
_0COMPRA
_o.STAFF. Colección General Juliaca
980 _81
_gALBERTO SANCHEZ Responsable de Automatización